000 005720000a22000970004500
245 1 0 _aíYo, Leonardo!
300 _aVol.0, núm.0 (2007), Páginas 16-17
520 _aNacido en un pequeño pueblo en la provincia de Florencia, en el norte de Italia, su padrastro, pastelero de oficio, lo introdujo desde muy pequeño a los placeres del azúcar. Es conocido como uno de los más grandes pintores, inventores, escultores, científicos, músicos y arquitectos de la historia. Pero, ¿quién era en la cocina?
773 0 _tArcadia / Andrés Felipe Solano, Editor
942 _cANA
999 _c62316
_d62316